000 00682na a2200253 4500
001 12886
003 MIRAKIL
005 20181213154812.0
008 161010b tu 000 0
020 _a9789752673205
035 _a12886
040 _aMilas
_btur
_cTR-AnCHP
041 _atur
082 _a297.9435
_bD63k 2010
090 _a297.9435 D63k 2010
100 _aDoğan, Mehmet
245 _aKur'an ve tarih önünde Türk'ün muhasebesi
_cMehmet Doğan
250 _agnşl. 7. bs.
260 _aAnkara
_bBerikan Yayınevi
_c2010
300 _a432 s.
_c23 sm.
650 _aİslam
_xOsmanlı padişahları
650 _aİslam
_xTürkler
_xTarih
942 _2dcc
_cBKS
999 _c1109
_d1109